Health standard journal [HSJ] (Record no. 38227)

MARC details
000 -LEADER
fixed length control field 00433nam a2200169Ia 4500
022 ## - INTERNATIONAL STANDARD SERIAL NUMBER
ISSN 15975954
050 ## - CALL MARK
Classification number RA 777 .H43/
245 #0 - TITLE STATEMENT
Title Health standard journal [HSJ]
260 ## - PUBLICATION, DISTRIBUTION, ETC. (IMPRINT)
Place of publication Lagos, Nigeria
260 ## - PUBLICATION, DISTRIBUTION, ETC. (IMPRINT)
Name of publisher Neros pharmaceuticals ltd.
260 ## - PUBLICATION, DISTRIBUTION, ETC. (IMPRINT)
Year of publication 2017
300 ## - PHYSICAL DESCRIPTION
Number of Pages 55 p. :ill. ; 29 cm.
650 ## - SUBJECT ADDED ENTRY--TOPICAL TERM
Topical Term Health--Juvenile literature.
942 ## - ADDED ENTRY ELEMENTS (KOHA)
Koha item type Serials

No items available.